| 000 | 01077cab a22001935a 4500 | ||
|---|---|---|---|
| 001 | L152169 | ||
| 008 | 110207e20110117xxk 000 0 eng d | ||
| 035 | _a(Sirsi) u152169 | ||
| 041 | 0 | _aeng | |
| 110 | 2 |
_aEuroProperty _91216 |
|
| 245 | 0 | 0 | _aStill an inflation-buster? |
| 260 | _c2011 | ||
| 490 |
_aEuroProperty _v17 January 2011, 6-7(2) |
||
| 520 | _aRecent studies by Morgan Stanley and the International Property Federation have come to different conclusions about the role of inflation in respect of property investment decisions. Morgan Stanley sees UK inflation staying well above the 2% inflation target in 2011 and advises investors to buy listed property. The International Property Federation has doubts that commercial property can effectively hedge against inflation. The volatility of property returns is not sensitive to inflation but increases with GDP growth. Property stocks do not act as property but as equities. | ||
| 590 | _aKA | ||
| 651 | 4 | _aEurope | |
| 690 | _aPROPERTY-COMMERCIAL PROPERTY-COMMERCIAL PROPERTY FINANCE AND INVESTMENT | ||
| 942 | _n0 | ||
| 999 |
_c82898 _d82898 |
||